Hamburger U-Bahnhöfe - Statistiken

Allgemein
  • Dieses Quiz wurde 1.014 mal gespielt
  • Das Durchschnittsergebnis liegt bei 53 aus 110
Antwortstatistiken
U1 % Korrekt
Jungfernstieg
84%
Hauptbahnhof Süd
83%
St. Pauli
79%
Hauptbahnhof Nord
77%
Landungsbrücken
75%
Barmbek
73%
Rathaus
71%
Schlump
70%
Berliner Tor
69%
Sternschanze
65%
Kellinghusenstraße
63%
Wandsbek-Gartenstadt
61%
Wandsbek Markt
60%
Baumwall (Elbphilharmonie)
59%
Feldstraße (Heiligengeistfeld)
59%
Lübecker Straße
59%
Mönckebergstraße
59%
Ohlsdorf
59%
Billstedt
57%
Norderstedt Mitte
57%
Elbbrücken
56%
Stephansplatz (Oper/CCH)
55%
Farmsen
54%
Mümmelmannsberg
54%
Niendorf Nord
54%
Mundsburg
53%
Hagenbecks Tierpark
52%
Steinstraße
52%
HafenCity Universität
51%
Niendorf Markt
50%
Wandsbeker Chaussee
50%
Hamburger Straße
49%
Meßberg
49%
Rödingsmarkt
49%
Eppendorfer Baum
48%
Hoheluftbrücke
48%
Überseequartier
48%
Borgweg (Stadtpark)
47%
Großhansdorf
47%
Hallerstraße
47%
Horner Rennbahn
47%
Messehallen
47%
Alsterdorf
46%
Ritterstraße
46%
Saarlandstraße
46%
Volksdorf
46%
Berne
45%
Fuhlsbüttel
45%
Ohlstedt
45%
Wartenau
45%
Christuskirche
44%
Klosterstern
44%
Rauhes Haus
44%
Lattenkamp (Sporthalle)
43%
Ochsenzoll
43%
Langenhorn Markt
42%
Osterstraße
42%
Burgstraße
41%
Dehnhaide
41%
Hammer Kirche
41%
Hudtwalckerstraße
41%
Lohmühlenstraße
41%
Sierichstraße
41%
Langenhorn Nord
40%
Straßburger Straße
40%
Alter Teichweg
39%
Sengelmannstraße (City Nord)
39%
Uhlandstraße
39%
Emilienstraße
38%
Fuhlsbüttel Nord
38%
Garstedt
38%
Trabrennbahn
38%
Ahrensburg West
37%
Habichtstraße
36%
Ahrensburg Ost
35%
Lutterothstraße
34%
Kiwittsmoor
33%
Legienstraße
33%
Oldenfelde
32%
Hagendeel
31%
Klein Borstel
31%
Meiendorfer Weg
29%
Richtweg
28%
Kiekut
27%
Steinfurther Allee
26%
Joachim-Mähl-Straße
25%
Merkenstraße
25%
Schippelsweg
24%
Hoisbüttel
21%
Buckhorn
20%
Schmalenbeck
19%
Buchenkamp
18%
Gänsemarkt (Oper)
17%
Keine übereinstimmenden Quizze gefunden
Verteilung der Resultate
Anzahl Personen mit jedem Resultat
Perzentil nach korrekt beantworteten Fragen
Ihre Resultats-Entwicklung
Sie haben dieses Quiz noch nicht gespielt